000 00716nmc a2200277 a 4500
003 AR-BaBNM
005 20251128210748.0
008 061020s1965 ||||||||||||||000 | spa||
040 _cAR-BaBNM
100 1 _aKeller, Fred S.
245 1 0 _aAprendizaje
_bteoría del refuerzo
260 _aBuenos Aires
_bPaidós
_c1965
300 _a96 p.
490 0 _aBiblioteca del hombre contemporáneo
500 _aContiene referencias bibliográficas
650 4 _aAPRENDIZAJE
650 4 _aDESARROLLO
650 4 _aDIDACTICA
650 4 _aESTIMULO
650 4 _aMEMORIA
650 4 _aMOTIVACION
650 4 _aPROCESO DE APRENDIZAJE
650 4 _aTEORIAS DEL APRENDIZAJE
942 _cBK
998 _cEugenia
999 _c16785
_d16785